Indian Superfoods (Record no. 354627)

MARC details
000 -LEADER
fixed length control field 00370nam a2200157Ia 4500
008 - FIXED-LENGTH DATA ELEMENTS--GENERAL INFORMATION
fixed length control field 230719s9999 xx 000 0 und d
041 ## - LANGUAGE CODE
Language code of text/sound track or separate title eng
082 ## - DEWEY DECIMAL CLASSIFICATION NUMBER
Classification number 796.4'1
Item number DIW
100 ## - MAIN ENTRY--PERSONAL NAME
Personal name Diwekar R.
9 (RLIN) 199106
245 ## - TITLE STATEMENT
Title Indian Superfoods
260 ## - PUBLICATION, DISTRIBUTION, ETC. (IMPRINT)
Date of publication, distribution, etc. 2016
Name of publisher, distributor, etc. Juggernaut Books
300 ## - PHYSICAL DESCRIPTION
Extent 174
365 ## - TRADE PRICE
Currency code Rs.
Price amount 250.00
700 ## - ADDED ENTRY--PERSONAL NAME
Personal name Diwekar R.
9 (RLIN) 199106
906 ## - LOCAL DATA ELEMENT F, LDF (RLIN)
b 125
Holdings
Withdrawn status Lost status Source of classification or shelving scheme Damaged status Not for loan Home library Current library Shelving location Date acquired Vendor Cost, normal purchase price Total Checkouts Full call number Barcode Checked out Date last seen Date last checked out Discount Cost, replacement price Bill Date Koha item type Original Barcode
    Dewey Decimal Classification     Cummins College of Engineering for Women Pune Cummins College of Engineering for Women Pune Donated Book 09/08/2021 Masurkar Enterprises 250.00 3 796.4'1 CCEP-DB-832 07/07/2026 08/01/2026 08/01/2026 125 125.00 19/07/2023 Books D00832